| Tag |
First Indicator |
Second Indicator |
Subfields |
| LEADER |
00000cam a2200000 4500 |
| 001 |
in00000064947 |
| 005 |
20151008051208.0 |
| 008 |
730312s1916 enk b 00000 eng u |
| 010 |
|
|
|a 16022840
|
| 035 |
|
|
|a (OCoLC)00576185
|
| 035 |
|
|
|9 AAG6365AM
|
| 040 |
|
|
|c KSU
|d TXA
|d UtOrBLW
|
| 049 |
|
|
|a TXAM
|c [7921]
|
| 050 |
0 |
0 |
|a JX1315
|b .I6 1916
|
| 092 |
|
|
|a 341
|b I61
|
| 245 |
0 |
3 |
|a An introduction to the study of international relations /
|c by A. J. Grant [and others].
|
| 264 |
|
1 |
|a London :
|b Macmillan and co., limited,
|c 1916.
|
| 300 |
|
|
|a 207 pages ;
|c 19 cm.
|
| 336 |
|
|
|a text
|b txt
|2 rdacontent
|
| 337 |
|
|
|a unmediated
|b n
|2 rdamedia
|
| 338 |
|
|
|a volume
|b nc
|2 rdacarrier
|
| 650 |
|
0 |
|a International law.
|
| 650 |
|
0 |
|a War.
|
| 650 |
|
0 |
|a International cooperation.
|
| 700 |
1 |
|
|a Grant, A. J.
|q (Arthur James),
|d 1862-1948.
|
| 700 |
1 |
|
|a Urquhart, Francis Fortescue,
|d 1868-1934.
|
| 700 |
1 |
|
|a Greenwood, Arthur,
|d 1880-1954.
|
| 700 |
1 |
|
|a Hughes, John David Ivor.
|
| 700 |
1 |
|
|a Lothian, Philip Henry Kerr,
|c Marquis of,
|d 1882-1940.
|
| 740 |
0 |
|
|a International relations, An introduction to the study of.
|
| 999 |
|
|
|a MARS
|
| 999 |
f |
f |
|s 5eed9b6c-c0b7-328a-b516-5dad03937f9e
|i ed0e069d-a24b-32ff-aefc-03931de6ec86
|t 0
|
| 952 |
f |
f |
|p ric
|a Texas A&M University
|b Rellis Campus
|c Joint Library Facility
|d Remote Storage
|t 0
|e JX1315 .I6 1916
|h Library of Congress classification
|i unmediated -- volume
|m A14800781019
|
| 998 |
f |
f |
|a JX1315 .I6 1916
|t 0
|l Remote Storage
|